[Event "CRO-chT3 West"]
[Site "Croatia"]
[Date "2020.10.11"]
[Round "5.3"]
[White "Derencinovic, Radoslav"]
[Black "Gall, Toni Peter"]
[Result "1-0"]
[WhiteElo "1797"]
[BlackElo "1782"]
[PlyCount "67"]
[EventDate "2020.09.12"]
[EventType "team-tourn"]
[EventRounds "9"]
[EventCountry "CRO"]
[SourceTitle "EXT 2022"]
[Source "ChessBase"]
[SourceDate "2021.10.06"]
[SourceVersion "1"]
[SourceVersionDate "2021.10.06"]
[SourceQuality "1"]
[WhiteTeam "Gospic"]
[BlackTeam "Krk II"]
[WhiteTeamCountry "CRO"]
[BlackTeamCountry "CRO"]

1. Nf3 d5 2. d4 h6 3. c4 g5 4. h3 Bg7 5. Nc3 Nf6 6. e3 a6 7. b3 c6 8. Be2 b5 9. c5 Nbd7 10. 0-0 Qc7 11. Bd2 e5 12. dxe5 Nxe5 13. Nd4 h5 14. Qc2 g4 15. Nf5 Bf8 16. b4 gxh3 17. g3 Neg4 18. e4 Bxf5 19. Bf4 Qxf4 20. gxf4 dxe4 21. Bf3 Rg8 22. Kh1 0-0-0 23. Nxe4 Kc7 24. a4 Nxe4 25. Bxe4 Rd2 26. Qxd2 Bxe4+ 27. f3 Bd5 28. axb5 axb5 29. Ra7+ Kc8 30. Qd3 Kd8 31. Qf5 Be6 32. Qxh5 Ne3 33. Qh4+ Kc8 34. Rfa1 1-0

[Event "Krk Golden Island op 4th"]
[Site "Malinska"]
[Date "2016.11.03"]
[Round "8"]
[White "Gall, Toni Peter"]
[Black "Bogdanic, Katarina"]
[Result "0-1"]
[WhiteElo "1747"]
[BlackElo "1842"]
[PlyCount "72"]
[EventDate "2016.10.29"]
[EventType "swiss"]
[EventRounds "9"]
[EventCountry "CRO"]
[SourceTitle "CBM 175 Extra"]
[Source "ChessBase"]
[SourceDate "2016.12.12"]
[SourceVersion "1"]
[SourceVersionDate "2016.12.12"]
[SourceQuality "1"]

1. e4 c5 2. f4 e5 3. Nf3 d6 4. Bb5+ Bd7 5. Bxd7+ Nxd7 6. fxe5 dxe5 7. d3 Ngf6 8. b3 Bd6 9. 0-0 0-0 10. Nbd2 Re8 11. a4 Bc7 12. Nc4 Nf8 13. Qe1 Ne6 14. Be3 Nd4 15. Rc1 Qd7 16. Ng5 Qg4 17. Rf2 Qh5 18. h3 h6 19. Nf3 Rad8 20. Nh2 Rd7 21. Rb1 Qg6 22. Qf1 Nh5 23. g4 Ne6 24. Nf3 Nef4 25. Kh2 Nf6 26. Nfxe5 Nxh3 27. Kxh3 Bxe5 28. Qg2 h5 29. Nxe5 Rxe5 30. g5 Ng4 31. Bf4 Nxf2+ 32. Qxf2 Re8 33. Rg1 b6 34. Kh4 Qe6 35. Kxh5 Qh3+ 36. Qh4 g6+ 0-1

[Event "Krk Golden Island op 2nd"]
[Site "Malinska"]
[Date "2014.04.11"]
[Round "8"]
[White "Gall, Toni Peter"]
[Black "Hrescak, Ivana"]
[Result "0-1"]
[WhiteElo "1796"]
[BlackElo "1899"]
[PlyCount "48"]
[EventDate "2014.04.06"]
[EventType "swiss"]
[EventRounds "9"]
[EventCountry "CRO"]
[SourceTitle "CBM 159 Extra"]
[Source "ChessBase"]
[SourceDate "2014.04.24"]
[SourceVersion "1"]
[SourceVersionDate "2014.04.24"]
[SourceQuality "1"]

1. e4 c5 2. Nf3 d6 3. Bc4 Nc6 4. 0-0 Nf6 5. Nc3 Bg4 6. h3 Bh5 7. g4 Bg6 8. Re1 e6 9. d4 cxd4 10. Nxd4 Nxd4 11. Qxd4 a6 12. Bg5 Be7 13. Rad1 Qc7 14. a4 h5 15. Be2 hxg4 16. hxg4 d5 17. e5 Ne4 18. Nxe4 Bxe4 19. f3 Bc5 20. fxe4 Bxd4+ 21. Rxd4 Qxe5 22. Be3 Qg3+ 23. Kf1 Rh1+ 24. Bg1 Rxg1# 0-1

[Event "Krk Golden Island op 2nd"]
[Site "Malinska"]
[Date "2014.04.09"]
[Round "5"]
[White "Gall, Toni Peter"]
[Black "Cvitan, Ena"]
[Result "1-0"]
[WhiteElo "1796"]
[BlackElo "1652"]
[PlyCount "51"]
[EventDate "2014.04.06"]
[EventType "swiss"]
[EventRounds "9"]
[EventCountry "CRO"]
[SourceTitle "CBM 159 Extra"]
[Source "ChessBase"]
[SourceDate "2014.04.24"]
[SourceVersion "1"]
[SourceVersionDate "2014.04.24"]
[SourceQuality "1"]

1. e4 c6 2. Nf3 d5 3. exd5 cxd5 4. d4 Nf6 5. Bb5+ Bd7 6. Bd3 Bg4 7. Bg5 Nc6 8. c3 e6 9. 0-0 Be7 10. Nbd2 0-0 11. Qc2 h6 12. Bh4 Rb8 13. Rfe1 Bxf3 14. Nxf3 b5 15. a3 a5 16. h3 b4 17. axb4 axb4 18. Qa4 Qb6 19. Ne5 Nxe5 20. dxe5 Ne4 21. Bxe7 Qxf2+ 22. Kh1 Ng3+ 23. Kh2 Qf4 24. Bxf8 Ne4+ 25. Kg1 Nf2 26. Qc2 1-0